00508 a2200181 450000500170000001000140001702000260003103500130005703700130007008200080008310000170009124500420010826000400015027000930019030000250028365000150030870000030032320100810101119.0 aENG-99294 c120.00a9789380060187 aEN-82826 bDBAD/PUB a658 aArumugam, A. aManagement concepts /cby A. Arumugam aSalem bM. S. K. Publicationsc2009 a3/189E, Athanoor, Amman Koil St, Masinaganpatti-(Po)., AyyothlyapattinambSalem e636103 a203 p. c22cm.(Pbk) aManagement